| 000 | 00875nam a22002537a 4500 | ||
|---|---|---|---|
| 005 | 20251108174554.0 | ||
| 008 | 250721s1998 xx 000 0 ara d | ||
| 082 | 1 | 4 | _aط/523/نيك |
| 100 | 1 | _aنيكلسون، سينثيا | |
| 245 | 1 | 0 | _aصخور الفضاء : المذنبات و الكويكبات و النيازك / |
| 264 | 1 |
_aالقاهرة : _bنهضة مصر للطباعة و النشر و التوزيع، _c1998. |
|
| 300 | _a40ص. | ||
| 490 | 0 | _aإستكشف الفضاء : حقائق و تجارب فضائية | |
| 650 | 1 | 7 | _aالعلوم |
| 650 | 1 | 7 | _aالفضاا |
| 650 | 1 | 7 | _aالصخور |
| 650 | 1 | 7 | _aالمذنبات |
| 650 | 1 | 7 | _aالنيازك |
| 653 | _aناشاون صغار (10-14) سنه | ||
| 700 | 1 |
_aسلافين، بيل _eرسام |
|
| 700 | 1 | _aالنقراشي، محمد علي | |
| 942 |
_2ddc _cBK |
||
| 999 |
_c112584 _d112584 |
||